| 000 | 00344nam a2200121Ia 4500 | ||
|---|---|---|---|
| 008 | 220120s9999||||xx |||||||||||||| ||und|| | ||
| 020 | _a81-7808-137-7 | ||
| 100 |
_aFoley, James, D _912900 |
||
| 245 | 0 | _aComputer graphics: principles and practice | |
| 260 |
_bDelhi _c2001 |
||
| 300 |
_aXXIII, 1174p. _b450 |
||
| 650 |
_aDATA FILES & DATABASE _9695 |
||
| 999 |
_c131951 _d131951 |
||